000 00453ntaaa2200181 4500
003 01
005 20251027202917.0
008 0714s1973 ag 01
040 _aAR-BaBN
_bspa
_cAR-BaBN
_eaacr
_dRIC
082 _a922.0000 L76
245 _aDavid Livingstone
250 _a1 ed.
260 _aGrand Rapids :
_bZondervan Publishing House,
_c1953, 1962
300 _a92 p
500 _aBiografĂ­a
650 _abiografĂ­a-Livingstone
_928805
942 _cBK
999 _c24315
_d24315